00350nam a2200133Ia 4500008004100000041000800041082001500049100001400064245004400078250001400122260004200136300003100178365000700209240624s9999 xx 000 0 und d aeng a344.01 KUM aKUMAR H L aWHAT EVERYBODY SHOULD KNOW ABOUT LABOUR a(2nd ed.) c2005aDelhibUniversal Law Publishing axxi, : 304 : p. : cm. ; 22 cRS